000
00327nam a22001457a 4500
020
_a
978-93-85039-23-2
041
_a
ENG
100
_a
Bhatt.N.D
245
_a
Machine Drawing
260
_a
Gujarat
_b
Charotar Publishing
_c
2016
300
_a
Fiftieth Edition
650
_a
FMP
700
_a
Panchal.V.M , Ingle.R.P
856
_u
FMP
999
_c
103
_d
103